[Event "25 Aniversario FMA"]
[Site "Madrid ESP"]
[Date "2005.10.29"]
[Round "1.1"]
[White "Serrano Salvador, Eduardo"]
[Black "Salgado Lopez, Ivan"]
[Result "0-1"]
[WhiteElo "2364"]
[BlackElo "2371"]
[PlyCount "55"]
[EventDate "2005.10.29"]
[EventType "tourn"]
[EventRounds "11"]
[EventCountry "ESP"]
[EventCategory "6"]
[Source "lmi"]
[SourceDate "2005.11.05"]

1. d4 e6 2. c4 c5 3. d5 exd5 4. cxd5 Nf6 5. Nc3 d6 6. e4 g6 7. h3 Bg7 8. Nf3
O-O 9. Bd3 Bd7 10. a4 Na6 11. O-O Nb4 12. Bb1 Nh5 13. Bg5 Qc7 14. Nd2 f5 15.
Nc4 fxe4 16. Be7 Bxa4 17. Bxd6 Bxd1 18. Bxc7 Bc2 19. d6 Bxb1 20. Raxb1 Na6 21.
Na5 Bxc3 22. bxc3 Nxc7 23. dxc7 b6 24. Nc6 Rf7 25. Nxa7 Rxc7 26. Nb5 Rd7 27.
Rfd1 Rd3 28. c4 0-1

[Event "25 Aniversario FMA"]
[Site "Madrid ESP"]
[Date "2005.10.29"]
[Round "1.2"]
[White "Asis Gargatagli, Hipolit"]
[Black "Martinez Martin, David"]
[Result "1-0"]
[WhiteElo "2381"]
[BlackElo "2379"]
[PlyCount "73"]
[EventDate "2005.10.29"]
[EventType "tourn"]
[EventRounds "11"]
[EventCountry "ESP"]
[EventCategory "6"]
[Source "lmi"]
[SourceDate "2005.11.05"]

1. e4 c5 2. Nf3 d6 3. d4 cxd4 4. Nxd4 Nf6 5. Nc3 g6 6. Be3 Bg7 7. f3 O-O 8. Qd2
Nc6 9. Bc4 Bd7 10. O-O-O Rc8 11. Bb3 Ne5 12. h4 h5 13. Bg5 Rc5 14. Kb1 Re8 15.
Bh6 Bh8 16. g4 Nc4 17. Qd3 b5 18. gxh5 Nxh5 19. Rdg1 Ne5 20. Qe2 Kh7 21. Bc1 b4
22. Nd5 e6 23. Nf4 Nxf4 24. Bxf4 Nc6 25. Nxc6 Qf6 26. Bc1 Bxc6 27. Rg5 Bg7 28.
f4 Qd4 29. Rxc5 dxc5 30. h5 Bxe4 31. hxg6+ Kg8 32. gxf7+ Kxf7 33. Rd1 Qxd1 34.
Qxd1 Bd4 35. Qh5+ Bg6 36. Qh3 Bf6 37. Bc4 1-0

[Event "25 Aniversario FMA"]
[Site "Madrid ESP"]
[Date "2005.10.29"]
[Round "1.3"]
[White "Mirzoev, Azer"]
[Black "Roa Alonso, Santiago"]
[Result "1/2-1/2"]
[WhiteElo "2520"]
[BlackElo "2327"]
[PlyCount "34"]
[EventDate "2005.10.29"]
[EventType "tourn"]
[EventRounds "11"]
[EventCountry "ESP"]
[EventCategory "6"]
[Source "lmi"]
[SourceDate "2005.11.05"]

1. Nf3 Nf6 2. d4 e6 3. Bf4 b6 4. e3 Bb7 5. Nbd2 c5 6. c3 Be7 7. h3 Nc6 8. a3 d6
9. Bh2 O-O 10. Bd3 cxd4 11. cxd4 e5 12. O-O Nxd4 13. exd4 e4 14. Nxe4 Bxe4 15.
Bxe4 Nxe4 16. Re1 d5 17. Nd2 Nxd2 1/2-1/2

[Event "25 Aniversario FMA"]
[Site "Madrid ESP"]
[Date "2005.10.29"]
[Round "1.4"]
[White "Perez, Rodney"]
[Black "Cruz, Alfredo"]
[Result "1/2-1/2"]
[WhiteElo "2450"]
[BlackElo "2438"]
[PlyCount "28"]
[EventDate "2005.10.29"]
[EventType "tourn"]
[EventRounds "11"]
[EventCountry "ESP"]
[EventCategory "6"]
[Source "lmi"]
[SourceDate "2005.11.05"]

1. e4 e5 2. Bc4 Nc6 3. Nf3 Be7 4. O-O Nf6 5. d3 O-O 6. Re1 d6 7. a4 Be6 8. Nbd2
h6 9. a5 a6 10. Nf1 Re8 11. Bxe6 fxe6 12. Ng3 Bf8 13. Bd2 Qd7 14. Bc3 Qf7
1/2-1/2

[Event "25 Aniversario FMA"]
[Site "Madrid ESP"]
[Date "2005.10.29"]
[Round "1.5"]
[White "Gallardo Garcia, Andres"]
[Black "Elissalt Cardenas, Hector"]
[Result "1-0"]
[WhiteElo "2360"]
[BlackElo "2327"]
[PlyCount "61"]
[EventDate "2005.10.29"]
[EventType "tourn"]
[EventRounds "11"]
[EventCountry "ESP"]
[EventCategory "6"]
[Source "lmi"]
[SourceDate "2005.11.05"]

1. e4 e6 2. d4 b6 3. Bd3 Bb7 4. Nf3 Nf6 5. Nbd2 c5 6. c3 Be7 7. O-O cxd4 8.
cxd4 Ba6 9. Bxa6 Nxa6 10. Qe2 Qc8 11. a3 Qb7 12. d5 exd5 13. e5 Ne4 14. Nxe4
dxe4 15. Nd2 O-O 16. Nxe4 Nc5 17. Ng3 Rfe8 18. b4 Nb3 19. Rb1 Nxc1 20. Rfxc1
Bg5 21. Rc4 d5 22. Rd4 g6 23. Rbd1 Rad8 24. f4 Bh6 25. Ne4 Qc6 26. Qf2 Bg7 27.
R4d3 f6 28. Nd6 Rf8 29. Rxd5 fxe5 30. Qa2 Qd7 31. Nb7 1-0

[Event "25 Aniversario FMA"]
[Site "Madrid ESP"]
[Date "2005.10.29"]
[Round "1.6"]
[White "Almagro Llanas, Pablo"]
[Black "Minzer, Claudio Javier"]
[Result "1/2-1/2"]
[WhiteElo "2345"]
[BlackElo "2438"]
[PlyCount "109"]
[EventDate "2005.10.29"]
[EventType "tourn"]
[EventRounds "11"]
[EventCountry "ESP"]
[EventCategory "6"]
[Source "lmi"]
[SourceDate "2005.11.05"]

1. e4 e6 2. d4 d5 3. Nc3 Bb4 4. e5 c5 5. a3 Bxc3+ 6. bxc3 Qa5 7. Bd2 Qa4 8. Nf3
b6 9. c4 Ne7 10. cxd5 Nxd5 11. c4 Qxd1+ 12. Rxd1 Ne7 13. Bg5 h6 14. Bxe7 Kxe7
15. d5 Bb7 16. Be2 Rd8 17. d6+ Kd7 18. O-O Nc6 19. Bd3 f5 20. exf6 gxf6 21. Be4
Na5 22. Rfe1 Rac8 23. Kf1 Ba6 24. Nh4 Bxc4+ 25. Kg1 Nb3 26. Nf3 e5 27. Bf5+ Kc6
28. Bxc8 Rxc8 29. Nd2 Nxd2 30. Rxd2 Rd8 31. f4 Rxd6 32. Rxd6+ Kxd6 33. fxe5+
fxe5 34. Kf2 b5 35. Ke3 a5 36. Rd1+ Bd5 37. g4 a4 38. h4 Ke6 39. g5 hxg5 40.
hxg5 Bb3 41. Rc1 b4 42. g6 bxa3 43. g7 Kf6 44. Ke4 a2 45. Rf1+ Kxg7 46. Kxe5
Bf7 47. Ra1 Bb3 48. Kd6 c4 49. Kc5 Kf6 50. Kb4 Ke5 51. Kc3 Kd5 52. Kb2 Kd4 53.
Rc1 Kd3 54. Rxc4 Kxc4 55. Ka1 1/2-1/2

[Event "25 Aniversario FMA"]
[Site "Madrid ESP"]
[Date "2005.10.30"]
[Round "2.1"]
[White "Salgado Lopez, Ivan"]
[Black "Minzer, Claudio Javier"]
[Result "1/2-1/2"]
[WhiteElo "2371"]
[BlackElo "2438"]
[PlyCount "118"]
[EventDate "2005.10.29"]
[EventType "tourn"]
[EventRounds "11"]
[EventCountry "ESP"]
[EventCategory "6"]
[Source "lmi"]
[SourceDate "2005.11.05"]

1. e4 c5 2. Nf3 Nc6 3. d4 cxd4 4. Nxd4 g6 5. Nc3 Bg7 6. Be3 Nf6 7. Bc4 Qa5 8.
O-O O-O 9. Nb3 Qc7 10. Bg5 e6 11. Be2 a6 12. Qd2 b5 13. a3 Bb7 14. Bf4 Ne5 15.
Qe3 d6 16. Rad1 Rfd8 17. Nd2 Rac8 18. Qg3 Qe7 19. Kh1 h6 20. Qh3 Qf8 21. Qe3
Nc6 22. Nb3 Ne8 23. Bg3 Qe7 24. Rd2 Kh7 25. Rfd1 h5 26. f4 b4 27. axb4 Nxb4 28.
Na5 Ba8 29. Nc4 d5 30. exd5 Bxc3 31. Qxc3 Nxd5 32. Qa3 Qf6 33. f5 gxf5 34. Be5
Qg5 35. Qg3 Qxg3 36. Bxg3 Nef6 37. Nb6 Ne4 38. Nxc8 Rxc8 39. Bxa6 Rc6 40. Rxd5
exd5 41. Bd3 Rb6 42. b3 Kg6 43. Kg1 Bb7 44. Ra1 Nxg3 45. hxg3 d4 46. Ra4 Rd6
47. b4 Kf6 48. Kf2 Rb6 49. b5 Ke5 50. Ra7 f6 51. Ra2 Rd6 52. Ra1 Rb6 53. Rh1
Be4 54. Rxh5 Bxd3 55. cxd3 Rxb5 56. g4 Kf4 57. Rxf5+ Rxf5 58. gxf5 Kg4 59. Ke2
Kg3 1/2-1/2

[Event "25 Aniversario FMA"]
[Site "Madrid ESP"]
[Date "2005.10.30"]
[Round "2.4"]
[White "Roa Alonso, Santiago"]
[Black "Perez, Rodney"]
[Result "0-1"]
[WhiteElo "2327"]
[BlackElo "2450"]
[PlyCount "113"]
[EventDate "2005.10.29"]
[EventType "tourn"]
[EventRounds "11"]
[EventCountry "ESP"]
[EventCategory "6"]
[Source "lmi"]
[SourceDate "2005.11.05"]

1. d4 d5 2. Nf3 Nf6 3. c4 c6 4. e3 a6 5. Be2 Bg4 6. Nbd2 e6 7. h3 Bh5 8. O-O
Nbd7 9. b3 Bd6 10. Bb2 Qb8 11. a3 O-O 12. b4 Re8 13. Re1 h6 14. Qb3 b5 15. cxd5
cxd5 16. a4 Ne4 17. Nxe4 dxe4 18. Nd2 Bxe2 19. Rxe2 Nf6 20. axb5 Qxb5 21. Nc4
Bxb4 22. Rc2 Nd5 23. Rac1 Reb8 24. Ba3 a5 25. Ne5 a4 26. Qa2 Bxa3 27. Qxa3 Qb3
28. Ra2 Qxa3 29. Rxa3 Rb2 30. Nc4 Rb4 31. Nd6 f5 32. Rc5 Rd8 33. Rc6 Rb6 34.
Rxb6 Nxb6 35. Nb7 Rc8 36. g4 g6 37. Kg2 Kg7 38. Nc5 Kf6 39. f3 exf3+ 40. Kxf3
fxg4+ 41. hxg4 h5 42. gxh5 gxh5 43. Ra2 Ra8 44. Ra3 Ke7 45. e4 Kd6 46. Nd3 Rf8+
47. Ke2 h4 48. Nc5 Ra8 49. Nd3 Nc4 50. Ra2 a3 51. Nf4 e5 52. dxe5+ Kxe5 53.
Ng6+ Kd4 54. Nxh4 Kc3 55. Nf3 Kb3 56. Ra1 Kb2 57. Rd1 0-1

[Event "25 Aniversario FMA"]
[Site "Madrid ESP"]
[Date "2005.10.30"]
[Round "2.5"]
[White "Martinez Martin, David"]
[Black "Mirzoev, Azer"]
[Result "1-0"]
[WhiteElo "2379"]
[BlackElo "2520"]
[PlyCount "73"]
[EventDate "2005.10.29"]
[EventType "tourn"]
[EventRounds "11"]
[EventCountry "ESP"]
[EventCategory "6"]
[Source "lmi"]
[SourceDate "2005.11.05"]

1. d4 d5 2. c4 c6 3. Nc3 Nf6 4. Nf3 e6 5. Bg5 h6 6. Bh4 Nbd7 7. e3 Be7 8. cxd5
Nxd5 9. Bg3 Qa5 10. Qd2 N7f6 11. Nxd5 Qxd2+ 12. Nxd2 exd5 13. Bd3 O-O 14. Ke2
Re8 15. a3 a5 16. Rab1 a4 17. Rbc1 Bf8 18. f3 g6 19. Bc7 h5 20. Bf4 Bg7 21. Nb1
Be6 22. Nc3 Nd7 23. Kd2 Rec8 24. h3 f5 25. g4 hxg4 26. hxg4 fxg4 27. Bxg6 gxf3
28. Rcf1 Rf8 29. Rhg1 Nb6 30. Rxf3 Nc4+ 31. Kc1 b5 32. Bd3 Ra7 33. Rfg3 Nb6 34.
Be5 Rff7 35. Rg6 Rae7 36. Bf6 Rc7 37. Bd8 1-0

[Event "25 Aniversario FMA"]
[Site "Madrid ESP"]
[Date "2005.10.30"]
[Round "3.1"]
[White "Asis Gargatagli, Hipolit"]
[Black "Salgado Lopez, Ivan"]
[Result "1/2-1/2"]
[WhiteElo "2381"]
[BlackElo "2371"]
[PlyCount "65"]
[EventDate "2005.10.29"]
[EventType "tourn"]
[EventRounds "11"]
[EventCountry "ESP"]
[EventCategory "6"]
[Source "lmi"]
[SourceDate "2005.11.05"]

1. e4 c5 2. Nf3 d6 3. d4 cxd4 4. Nxd4 Nf6 5. Nc3 a6 6. Bc4 e6 7. Bb3 Nbd7 8. f4
Nc5 9. O-O Be7 10. e5 dxe5 11. fxe5 Nfd7 12. Qh5 g6 13. Qe2 h5 14. Kh1 Rh7 15.
Be3 Qc7 16. Nf3 h4 17. h3 Rh5 18. Bf4 b5 19. Bh2 Bb7 20. Nd5 Qd8 21. Nf4 Rf5
22. Rad1 Nxb3 23. cxb3 Qb6 24. Nd4 Rxe5 25. Qf2 Rg5 26. Nd5 Bxd5 27. Qxf7+ Kd8
28. Qg8+ Nf8 29. Nc6+ Qxc6 30. Rxf8+ Bxf8 31. Qxf8+ Qe8 32. Qd6+ Qd7 33. Qf8+
1/2-1/2

[Event "25 Aniversario FMA"]
[Site "Madrid ESP"]
[Date "2005.10.30"]
[Round "3.4"]
[White "Gallardo Garcia, Andres"]
[Black "Roa Alonso, Santiago"]
[Result "0-1"]
[WhiteElo "2360"]
[BlackElo "2364"]
[PlyCount "84"]
[EventDate "2005.10.29"]
[EventType "tourn"]
[EventRounds "11"]
[EventCountry "ESP"]
[EventCategory "6"]
[Source "lmi"]
[SourceDate "2005.11.05"]

1. c4 e5 2. Nc3 Nc6 3. Nf3 Nf6 4. g3 Bb4 5. Bg2 O-O 6. O-O e4 7. Ng5 Bxc3 8.
bxc3 Re8 9. f3 e3 10. d3 d5 11. Qb3 d4 12. Bb2 h6 13. Ne4 Nxe4 14. fxe4 Bg4 15.
Rae1 Rb8 16. c5 Be6 17. Qc2 Qd7 18. cxd4 Nxd4 19. Qc3 Rbd8 20. Bc1 Qa4 21. Bxe3
Nc2 22. Bf4 Nxe1 23. Rxe1 Re7 24. Kf1 Red7 25. a3 Qa6 26. Rd1 Qc6 27. d4 Qa4
28. Re1 Rxd4 29. Bxc7 Rc8 30. Be5 Rc4 31. Qa1 f6 32. Bd6 Qd7 33. Qb1 b6 34. e5
fxe5 35. Kg1 bxc5 36. Bxe5 Rd8 37. Ba1 Qd2 38. Rf1 Bd5 39. Qb3 Re4 40. Qd1 Rxe2
41. Qxd2 Rxd2 42. Bh3 Bc4 0-1

[Event "25 Aniversario FMA"]
[Site "Madrid ESP"]
[Date "2005.10.30"]
[Round "3.5"]
[White "Almagro Llanas, Pablo"]
[Black "Cruz, Alfredo"]
[Result "1-0"]
[WhiteElo "2345"]
[BlackElo "2306"]
[PlyCount "89"]
[EventDate "2005.10.29"]
[EventType "tourn"]
[EventRounds "11"]
[EventCountry "ESP"]
[EventCategory "6"]
[Source "lmi"]
[SourceDate "2005.11.05"]

1. e4 e5 2. Nf3 Nf6 3. Nxe5 d6 4. Nf3 Nxe4 5. d4 d5 6. Bd3 Be7 7. O-O O-O 8. c4
c6 9. Nc3 Nxc3 10. bxc3 Nd7 11. cxd5 cxd5 12. Re1 Nf6 13. Ne5 Be6 14. Bg5 Qc8
15. Qc2 h6 16. Bf4 Re8 17. Rac1 Bf8 18. h3 a6 19. a4 Nd7 20. Ng4 Qc6 21. Ne3
Rac8 22. c4 Nb6 23. c5 Nxa4 24. Qb3 Nxc5 25. dxc5 d4 26. Nc4 Bxc5 27. Qb1 Qd7
28. Ne5 Qe7 29. Be4 Bb4 30. Red1 Rxc1 31. Rxc1 a5 32. Bf3 g5 33. Bg3 a4 34. Ng4
Bc3 35. Nxh6+ Kf8 36. Qh7 Qc5 37. Bh5 Qd5 38. Bxf7 Bxf7 39. Bd6+ Re7 40. Qh8+
Bg8 41. Qf6+ Bf7 42. Qxe7+ Kg7 43. Nxf7 Qxf7 44. Be5+ Kg6 45. Qd6+ 1-0

[Event "25 Aniversario FMA"]
[Site "Madrid ESP"]
[Date "2005.10.31"]
[Round "4.1"]
[White "Salgado Lopez, Ivan"]
[Black "Elissalt Cardenas, Hector"]
[Result "1/2-1/2"]
[WhiteElo "2372"]
[BlackElo "2327"]
[PlyCount "23"]
[EventDate "2005.10.29"]
[EventType "tourn"]
[EventRounds "11"]
[EventCountry "ESP"]
[EventCategory "6"]
[Source "lmi"]
[SourceDate "2005.11.05"]

1. e4 c6 2. d4 d5 3. e5 g6 4. c4 Be6 5. cxd5 Bxd5 6. Nc3 Bg7 7. Nxd5 cxd5 8.
Bb5+ Nc6 9. Qa4 Qd7 10. Nf3 a6 11. O-O Rc8 12. Bxc6 1/2-1/2

[Event "25 Aniversario FMA"]
[Site "Madrid ESP"]
[Date "2005.10.31"]
[Round "4.3"]
[White "Roa Alonso, Santiago"]
[Black "Almagro Llanas, Pablo"]
[Result "0-1"]
[WhiteElo "2364"]
[BlackElo "2345"]
[PlyCount "68"]
[EventDate "2005.10.29"]
[EventType "tourn"]
[EventRounds "11"]
[EventCountry "ESP"]
[EventCategory "6"]
[Source "lmi"]
[SourceDate "2005.11.05"]

1. e4 c6 2. d4 d5 3. Nd2 dxe4 4. Nxe4 Bf5 5. Ng3 Bg6 6. h4 h6 7. Nf3 Nf6 8. Ne5
Bh7 9. Bd3 Bxd3 10. Qxd3 e6 11. Bd2 Nbd7 12. f4 Bd6 13. O-O-O Qc7 14. Ne4 Nxe4
15. Qxe4 Nf6 16. Qf3 O-O-O 17. g4 c5 18. g5 Nd5 19. dxc5 Bxc5 20. Rhe1 Bd6 21.
Re4 Bxe5 22. fxe5 hxg5 23. Bxg5 Rd7 24. Red4 Qxe5 25. Bf4 Qf5 26. Qa3 b6 27.
Qa6+ Kd8 28. Qf1 Ke8 29. Qe1 Ke7 30. c4 Rc8 31. b3 b5 32. Kb2 bxc4 33. bxc4
Rb7+ 34. Ka1 Nxf4 0-1

[Event "25 Aniversario FMA"]
[Site "Madrid ESP"]
[Date "2005.10.31"]
[Round "4.4"]
[White "Martinez Martin, David"]
[Black "Gallardo Garcia, Andres"]
[Result "1-0"]
[WhiteElo "2379"]
[BlackElo "2360"]
[PlyCount "67"]
[EventDate "2005.10.29"]
[EventType "tourn"]
[EventRounds "11"]
[EventCountry "ESP"]
[EventCategory "6"]
[Source "lmi"]
[SourceDate "2005.11.05"]

1. d4 Nf6 2. Nf3 e6 3. c4 b6 4. e3 Bb7 5. Bd3 d5 6. O-O Bd6 7. Nc3 O-O 8. Qe2
a6 9. e4 dxe4 10. Nxe4 Nxe4 11. Bxe4 Bxe4 12. Qxe4 Nd7 13. Bg5 Be7 14. Bf4 Bd6
15. Bd2 b5 16. c5 Be7 17. Qc6 Nf6 18. a4 Qb8 19. axb5 Qxb5 20. Qxb5 axb5 21.
Ne5 Nd5 22. Nc6 Bf6 23. Be3 Rfc8 24. Na7 Rcb8 25. Ra5 b4 26. Rfa1 h5 27. Nc6
Rxa5 28. Rxa5 Rb7 29. Kf1 b3 30. Ke2 Kh7 31. Kd3 Kg6 32. Kc4 Kf5 33. Bd2 h4 34.
Ra8 1-0

[Event "25 Aniversario FMA"]
[Site "Madrid ESP"]
[Date "2005.11.01"]
[Round "5.1"]
[White "Mirzoev, Azer"]
[Black "Salgado Lopez, Ivan"]
[Result "1-0"]
[WhiteElo "2520"]
[BlackElo "2371"]
[PlyCount "105"]
[EventDate "2005.10.29"]
[EventType "tourn"]
[EventRounds "11"]
[EventCountry "ESP"]
[EventCategory "6"]
[Source "lmi"]
[SourceDate "2005.11.05"]

1. d4 d5 2. c4 c6 3. e3 Nf6 4. Nf3 a6 5. Nbd2 Bf5 6. Nh4 Be4 7. Qb3 Qc7 8. Be2
e6 9. O-O Nbd7 10. Nxe4 Nxe4 11. f3 Nef6 12. g3 g6 13. Bd2 Bg7 14. Qa3 Bf8 15.
Qb3 Bg7 16. cxd5 exd5 17. Bb4 a5 18. Qa3 Qb6 19. Bc3 Bf8 20. Qa4 Be7 21. Ng2
O-O 22. Rae1 Rfe8 23. Bd3 Qa7 24. Qc2 Bf8 25. Kh1 Bg7 26. e4 dxe4 27. fxe4 Nf8
28. Nf4 Rad8 29. e5 Nd5 30. Nxd5 cxd5 31. Qa4 b6 32. Rf2 Ne6 33. h4 Qb7 34. Kh2
Rb8 35. Bb5 Red8 36. Ref1 Qe7 37. Rxf7 Qxf7 38. Rxf7 Kxf7 39. Bd7 Ke7 40. Bxe6
Kxe6 41. Qc6+ Kf7 42. Bd2 Kg8 43. Bg5 Re8 44. Qxd5+ Kh8 45. Kh3 h6 46. Bf4 Kh7
47. Qe4 h5 48. d5 Rxe5 49. Bxe5 Re8 50. d6 Rxe5 51. Qb7 Kh6 52. d7 Bf6 53. Qxb6
1-0

[Event "25 Aniversario FMA"]
[Site "Madrid ESP"]
[Date "2005.11.01"]
[Round "5.2"]
[White "Perez, Rodney"]
[Black "Asis Gargatagli, Hipolit"]
[Result "1/2-1/2"]
[WhiteElo "2450"]
[BlackElo "2381"]
[PlyCount "26"]
[EventDate "2005.10.29"]
[EventType "tourn"]
[EventRounds "11"]
[EventCountry "ESP"]
[EventCategory "6"]
[Source "lmi"]
[SourceDate "2005.11.05"]

1. c4 g6 2. Nc3 Bg7 3. g3 d6 4. Bg2 e5 5. d3 Ne7 6. e3 O-O 7. Nge2 Nbc6 8. O-O
Be6 9. Nd5 Qd7 10. Qa4 Nc8 11. Qb3 Rb8 12. Bd2 Nd8 13. d4 c6 1/2-1/2

[Event "25 Aniversario FMA"]
[Site "Madrid ESP"]
[Date "2005.11.01"]
[Round "5.4"]
[White "Almagro Llanas, Pablo"]
[Black "Martinez Martin, David"]
[Result "1/2-1/2"]
[WhiteElo "2345"]
[BlackElo "2379"]
[PlyCount "32"]
[EventDate "2005.10.29"]
[EventType "tourn"]
[EventRounds "11"]
[EventCountry "ESP"]
[EventCategory "6"]
[Source "lmi"]
[SourceDate "2005.11.05"]

1. e4 e5 2. Nf3 Nc6 3. Bb5 a6 4. Ba4 Nf6 5. O-O Nxe4 6. d4 b5 7. Bb3 d5 8. dxe5
Be6 9. Be3 Be7 10. Nbd2 O-O 11. h3 Qd7 12. Nxe4 dxe4 13. Qxd7 Bxd7 14. Nd2 Nxe5
15. Nxe4 Bc6 16. Bc5 Rfe8 1/2-1/2

[Event "25 Aniversario FMA"]
[Site "Madrid ESP"]
[Date "2005.11.01"]
[Round "5.6"]
[White "Elissalt Cardenas, Hector"]
[Black "Cruz, Alfredo"]
[Result "0-1"]
[WhiteElo "2327"]
[BlackElo "2306"]
[PlyCount "96"]
[EventDate "2005.10.29"]
[EventType "tourn"]
[EventRounds "11"]
[EventCountry "ESP"]
[EventCategory "6"]
[Source "lmi"]
[SourceDate "2005.11.05"]

1. c4 c5 2. Nc3 Nc6 3. Nf3 Nf6 4. g3 d5 5. cxd5 Nxd5 6. Bg2 e6 7. O-O Be7 8. d4
cxd4 9. Nxd4 Nxd4 10. Qxd4 Nxc3 11. Qxc3 Bf6 12. Qc2 O-O 13. Rd1 Qb6 14. Be3
Qxb2 15. Qxb2 Bxb2 16. Rab1 Bc3 17. Bxb7 Bxb7 18. Rxb7 a6 19. Rdd7 h6 20. Bc5
Rfc8 21. Ba3 Rc4 22. Rxf7 Ra4 23. Bc5 Rxa2 24. e3 Bf6 25. h4 Rc8 26. Bd4 e5 27.
Ba7 Rcc2 28. e4 Rab2 29. Be3 a5 30. Ra7 Re2 31. Kf1 a4 32. Rfd7 Ra2 33. Rdc7
Reb2 34. h5 Rb8 35. Kg2 Rab2 36. Rxa4 R2b7 37. Rxb7 Rxb7 38. Kh3 Kf7 39. Kg4
Kg8 40. Kf5 Kh7 41. Ra7 Rb3 42. Bc5 Rc3 43. Be3 Rc6 44. Rb7 Ra6 45. g4 Ra1 46.
Rb8 Ra6 47. Rf8 Be7 48. Rb8 Rf6+ 0-1

[Event "25 Aniversario FMA"]
[Site "Madrid ESP"]
[Date "2005.11.01"]
[Round "6.1"]
[White "Salgado Lopez, Ivan"]
[Black "Cruz, Alfredo"]
[Result "1-0"]
[WhiteElo "2371"]
[BlackElo "2306"]
[PlyCount "77"]
[EventDate "2005.10.29"]
[EventType "tourn"]
[EventRounds "11"]
[EventCountry "ESP"]
[EventCategory "6"]
[Source "lmi"]
[SourceDate "2005.11.05"]

1. e4 e5 2. Nf3 Nf6 3. Nxe5 d6 4. Nf3 Nxe4 5. d4 d5 6. Bd3 Nc6 7. O-O Be7 8. c4
Nb4 9. Be2 O-O 10. Nc3 Bf5 11. a3 Nxc3 12. bxc3 Nc6 13. cxd5 Qxd5 14. Re1 Rfe8
15. Nd2 Bg5 16. Nf1 Be4 17. Ng3 Bxc1 18. Rxc1 Bg6 19. h4 h6 20. h5 Bh7 21. Qa4
a6 22. Bf3 Qb5 23. Qd1 Na5 24. Ne4 Rab8 25. Rb1 Qd7 26. Rb2 Bxe4 27. Bxe4 b6
28. Rbe2 Nc4 29. Bf5 Qc6 30. d5 Qb5 31. a4 Rxe2 32. axb5 Rxe1+ 33. Qxe1 Nd6 34.
Bd3 axb5 35. Qe7 Rc8 36. f4 Kh8 37. g4 Kg8 38. g5 hxg5 39. fxg5 1-0

[Event "25 Aniversario FMA"]
[Site "Madrid ESP"]
[Date "2005.11.01"]
[Round "6.2"]
[White "Roa Alonso, Santiago"]
[Black "Elissalt Cardenas, Hector"]
[Result "1/2-1/2"]
[WhiteElo "2364"]
[BlackElo "2327"]
[PlyCount "80"]
[EventDate "2005.10.29"]
[EventType "tourn"]
[EventRounds "11"]
[EventCountry "ESP"]
[EventCategory "6"]
[Source "lmi"]
[SourceDate "2005.11.05"]

1. e4 g6 2. d4 d6 3. Nf3 Bg7 4. c3 Nf6 5. Bd3 O-O 6. O-O Nc6 7. Nbd2 e5 8. dxe5
dxe5 9. Nc4 Nh5 10. Bg5 f6 11. Be3 b6 12. Qc2 Qe7 13. Rfe1 Nd8 14. a4 Ne6 15.
b4 Rd8 16. a5 Bb7 17. Bf1 Bf8 18. g3 Nhg7 19. Bh6 Ne8 20. Bxf8 Kxf8 21. Ne3 c6
22. axb6 axb6 23. Nc4 Qc7 24. Bh3 N6g7 25. Rxa8 Rxa8 26. Qd2 c5 27. Qe3 cxb4
28. Nxb6 Ra3 29. Nd7+ Kg8 30. Nd2 Rxc3 31. Qa7 Ra3 32. Qc5 Qxc5 33. Nxc5 Bc6
34. Rb1 Rc3 35. Na6 Nd6 36. Nxb4 Nxe4 37. Nxc6 Nxd2 38. Rb8+ Kf7 39. Rb7+ Kf8
40. Rb8+ Kf7 1/2-1/2

[Event "25 Aniversario FMA"]
[Site "Madrid ESP"]
[Date "2005.11.01"]
[Round "6.3"]
[White "Martinez Martin, David"]
[Black "Minzer, Claudio Javier"]
[Result "1/2-1/2"]
[WhiteElo "2379"]
[BlackElo "2438"]
[PlyCount "27"]
[EventDate "2005.10.29"]
[EventType "tourn"]
[EventRounds "11"]
[EventCountry "ESP"]
[EventCategory "6"]
[Source "lmi"]
[SourceDate "2005.11.05"]

1. d4 Nf6 2. Nf3 e6 3. e3 d5 4. c4 Nbd7 5. Nc3 c6 6. Bd3 dxc4 7. Bxc4 b5 8. Bd3
Bb7 9. O-O b4 10. Na4 c5 11. Qe2 cxd4 12. exd4 Qa5 13. b3 Bd6 14. Re1 1/2-1/2

[Event "25 Aniversario FMA"]
[Site "Madrid ESP"]
[Date "2005.11.01"]
[Round "6.4"]
[White "Serrano Salvador, Eduardo"]
[Black "Almagro Llanas, Pablo"]
[Result "1-0"]
[WhiteElo "2348"]
[BlackElo "2345"]
[PlyCount "61"]
[EventDate "2005.10.29"]
[EventType "tourn"]
[EventRounds "11"]
[EventCountry "ESP"]
[EventCategory "6"]
[Source "lmi"]
[SourceDate "2005.11.05"]

1. d4 d5 2. c4 c6 3. Nf3 Nf6 4. Nc3 dxc4 5. e4 b5 6. e5 Nd5 7. a4 e6 8. axb5
Nxc3 9. bxc3 cxb5 10. Ng5 Bb7 11. Qh5 g6 12. Qg4 Be7 13. Be2 Nd7 14. h4 h5 15.
Qg3 Nb6 16. O-O b4 17. cxb4 Qxd4 18. Be3 Qb2 19. Bf3 Nd5 20. Rfb1 Qc2 21. Be4
Qe2 22. Nxf7 Kxf7 23. Qxg6+ Kf8 24. Qxe6 Nxe3 25. Bxb7 Ng4 26. Qf5+ Kg7 27. Ra6
Nxe5 28. Re6 Rae8 29. Rxe5 Rhf8 30. Rxe2 Rxf5 31. Bc6 1-0

[Event "25 Aniversario FMA"]
[Site "Madrid ESP"]
[Date "2005.11.01"]
[Round "6.5"]
[White "Asis Gargatagli, Hipolit"]
[Black "Gallardo Garcia, Andres"]
[Result "1/2-1/2"]
[WhiteElo "2381"]
[BlackElo "2360"]
[PlyCount "23"]
[EventDate "2005.10.29"]
[EventType "tourn"]
[EventRounds "11"]
[EventCountry "ESP"]
[EventCategory "6"]
[Source "lmi"]
[SourceDate "2005.11.05"]

1. d4 Nf6 2. Nf3 e6 3. g3 d5 4. Bg2 c5 5. c4 Nc6 6. cxd5 exd5 7. O-O Be7 8. Nc3
O-O 9. Bg5 cxd4 10. Nxd4 h6 11. Be3 Re8 12. Rc1 1/2-1/2

[Event "25 Aniversario FMA"]
[Site "Madrid ESP"]
[Date "2005.11.02"]
[Round "7.1"]
[White "Perez, Rodney"]
[Black "Salgado Lopez, Ivan"]
[Result "1-0"]
[WhiteElo "2450"]
[BlackElo "2371"]
[PlyCount "97"]
[EventDate "2005.10.29"]
[EventType "tourn"]
[EventRounds "11"]
[EventCountry "ESP"]
[EventCategory "6"]
[Source "lmi"]
[SourceDate "2005.11.05"]

1. e4 c5 2. Nf3 d6 3. b3 Nc6 4. Bb5 Bd7 5. O-O a6 6. Bxc6 Bxc6 7. Re1 e5 8. c3
g6 9. d4 exd4 10. cxd4 Bg7 11. Bg5 Ne7 12. Qd2 h6 13. Bf4 g5 14. Bg3 g4 15. Nh4
Bxd4 16. Na3 Bxa1 17. Rxa1 Qc7 18. Nc4 O-O-O 19. Nxd6+ Rxd6 20. Qxd6 Qxd6 21.
Bxd6 Ng6 22. Nxg6 fxg6 23. e5 c4 24. bxc4 Bd7 25. c5 Be6 26. a3 Kd7 27. Rb1 Bd5
28. Rb4 h5 29. Rd4 Kc6 30. Rf4 Re8 31. f3 gxf3 32. gxf3 Re6 33. Kf2 g5 34. Rd4
Rg6 35. h4 g4 36. fxg4 hxg4 37. Kg3 Rg7 38. Rxg4 Rf7 39. h5 Rf3+ 40. Kh4 Rxa3
41. h6 Ra1 42. Kg5 Rh1 43. Kg6 Bb3 44. Kg7 Bc2 45. e6 a5 46. e7 Kd7 47. Kf8 Re1
48. Rg7 Rf1+ 49. Rf7 1-0